000
00459nam a2200193Ia 4500
001
19557
003
GE_BSU
008
181216s||||||||xx |||||||||||||| ||und||
040
_c
GE_BSU
080
_a
171
245
_a
ეთიკა
245
_b
დამხმ. სახ. სტუდ-ს
260
_a
თბილისი
260
_c
1998
300
_a
263გვ.
653
_a
ეთიკა
653
_a
ქსეროქსი
942
_c
BK
999
_c
52533
_d
52533